000 00835cam a2200241 a 4500
001 1636943
005 20180302041102.0
008 960926s1997 cau b 001 0 eng
010 _a 96045794
020 _a0803956398 (acidfree)
020 _a0803956401 (pbk. : acidfree)
040 _aDLC
_cDLC
_dDLC
041 _aeng
080 _a305.3 MOR
082 0 0 _a305.3 MOR
_220
100 1 _a50
101 _aSOC
245 1 4 _aThe male heterosexual :
_cLarry A. Morris.
504 _aIncludes bibliographical references (p. 217-250) and index.
906 _a7
_bcbc
_corignew
_d1
_eocip
_f19
_gy-gencatlg
942 _2ddc
_cBK
999 _c43954
_d43954